Loading...
| Beliefs | 14 | 18.57 | 100% | 57% | 29% |
| Current Events | 2 | 20.00 | 100% | 100% | 0% |
| Fine Arts - Auditory Fine Arts | 8 | 22.50 | 100% | 63% | 63% |
| Fine Arts - Other Arts | 1 | 20.00 | 100% | 100% | 0% |
| Fine Arts - Visual Fine Arts | 7 | 22.86 | 100% | 71% | 57% |
| Geography | 1 | 20.00 | 100% | 100% | 0% |
| History - American History | 4 | 22.50 | 100% | 75% | 50% |
| History - European History | 2 | 25.00 | 100% | 100% | 50% |
| History - World History | 8 | 16.25 | 100% | 50% | 13% |
| Literature - American Literature | 9 | 27.78 | 100% | 100% | 78% |
| Literature - British Literature | 4 | 22.50 | 100% | 75% | 50% |
| Literature - European Literature | 6 | 28.33 | 100% | 100% | 83% |
| Other Academic | 2 | 10.00 | 50% | 50% | 0% |
| Other Science: Astronomy | 1 | 10.00 | 100% | 0% | 0% |
| Other Science: Computer Science | 2 | 20.00 | 100% | 50% | 50% |
| Other Science: Earth Science | 2 | 15.00 | 100% | 50% | 0% |
| Other Science: Math | 3 | 30.00 | 100% | 100% | 100% |
| Philosophy | 5 | 26.00 | 100% | 100% | 60% |
| Science - Biology | 8 | 12.50 | 100% | 13% | 13% |
| Science - Chemistry | 9 | 14.44 | 89% | 44% | 11% |
| Science - Physics | 7 | 18.57 | 100% | 71% | 14% |
| Social Science | 6 | 20.00 | 100% | 67% | 33% |
| 13 | 20.77 | 100% | 85% | 23% |